Lesní hospodářství /

Hlavní autor: Štícha, Václav
Korporativní autor: Česká zemědělská univerzita v Praze. Lesnická a dřevařská fakulta
Jazyk: Čeština
Vydáno: V Praze : Česká zemědělská univerzita, 2015
Témata:
Fyzický popis: 265 stran : ilustrace, 1 mapa ; 30 cm
Knihy
Uloženo v:
LEADER 01932nam a2200481 i 4500
001 nkc20152766242
003 CZ PrNK
005 20160405074459.0
007 ta
008 151218s2015 xr ab e p 000 0 cze
015 |a cnb002766242 
020 |a 978-80-213-2613-2  |q (brožováno) 
035 |a (OCoLC)946292977 
040 |a BOA001  |b cze  |e rda 
043 |a e-xr--- 
072 7 |a 630  |x Lesnictví  |2 Konspekt  |9 24 
072 7 |a 37.016  |x Učební osnovy. Vyučovací předměty. Učebnice  |2 Konspekt  |9 22 
080 |a 630  |2 MRF 
080 |a (437.3)  |2 MRF 
080 |a (075.8)  |2 MRF 
100 1 |a Štícha, Václav  |7 mzk2016905774  |4 aut 
245 1 0 |a Lesní hospodářství /  |c Václav Štícha a kol. 
264 1 |a V Praze :  |b Česká zemědělská univerzita,  |c 2015 
300 |a 265 stran :  |b ilustrace, 1 mapa ;  |c 30 cm 
336 |a text  |b txt  |2 rdacontent 
337 |a bez média  |b n  |2 rdamedia 
338 |a svazek  |b nc  |2 rdacarrier 
500 |a Název z obálky 
500 |a Nad názvem: Česká zemědělská univerzita v Praze, Fakulta lesnická a dřevařská 
500 |a 150 výtisků 
504 |a Obsahuje bibliografii 
521 8 |a Určeno pro posluchače vybraných oborů Lesnické a dřevařské fakulty, Fakulty životního prostředí, Fakulty agrobiologie, potravinových a přírodních zdrojů a Technické fakulty 
650 0 7 |a lesní hospodářství  |7 ph115114  |z Česko  |2 czenas 
650 0 9 |a forest management  |z Czechia  |2 eczenas 
655 7 |a učebnice vysokých škol  |7 fd133772  |2 czenas 
655 9 |a textbooks (higher)  |2 eczenas 
710 2 |a Česká zemědělská univerzita v Praze.  |b Lesnická a dřevařská fakulta  |7 ko2007416980  |4 isb 
910 2 |a BOA001  |b 4-1364.219 
928 9 |a Česká zemědělská univerzita v Praze 
990 |a BK 
995 |a 01 
991 |b 201603  |c NOV 
996 6 |b 2610663677  |c 4-1364.219  |l MZK  |r Sklad / do 1 hodiny  |n 2  |p p.v.  |w 001549958  |u 000010  |a 1  |e BOA001  |j MZK50  |s P